01026nam a2200205Ia 4500008004100000020001500041041001200056082001100068100001700079245005000096260002500146300000800171650001500179700001600194942000700210999001500217952019600232952019600428952019600624221030s9999 xx 000 0 und d a007460337X aEnglish a105.23 aN. Sidheswar 0aMachine Drawingcby N. Sidheswar, P. Kannaiah bTMHaNew Delhic2009 a267 aMechanical aP. Kannaiah cBK c9160d9160 pBE 10842g275.00i343l0o105.23 eDurga Books, Amritsarr2024-06-13 00:00:00w2022-10-30yBK003Print4070aMIETLIBbMIETLIBcBL-Academic Block B, FL-1, CUP-1, SH-5, R-5d2010-07-0310HBE pBE 10843g275.00i343l0o105.23 eDurga Books, Amritsarr2024-06-13 00:00:00w2022-10-30yBK003Print4070aMIETLIBbMIETLIBcBL-Academic Block A, FL-1, CUP-2, SH-6, R-6d2010-07-0310HBE pBE 10844g275.00i343l0o105.23 eDurga Books, Amritsarr2024-06-13 00:00:00w2022-10-30yBK003Print4070aMIETLIBbMIETLIBcBL-Academic Block A, FL-1, CUP-2, SH-6, R-6d2010-07-0310HBE